000
00313nam a22001337a 4500
008
210304b ||||| |||| 00| 0 eng d
020
_a
9780023792014
041
_a
eng
080
_2
6th
_a
311
100
_a
55
101
_a
STA
245
_a
Statistics for business and Economics
_c
Mcclave,T.J
942
_2
udc
_c
BK
999
_c
55737
_d
55737